[Event "AUT-chT"]
[Site "?"]
[Date "1994.??.??"]
[Round "?"]
[White "Hoelzl, Franz"]
[Black "Wittmann, Walter"]
[Result "1-0"]
[WhiteElo "2390"]
[BlackElo "2410"]

1.d4 Nf6 2.c4 g6 3.g3 Bg7 4.Bg2 O-O 5.Nf3 d6 6.O-O c6 7.Re1 a6 8.e4 Bg4 9.Nbd2 Nbd7
10.Qc2 e5 11.h3 Bxf3 12.Nxf3 Re8 13.Be3 Qc7 14.Nd2 Rad8 15.Rad1 Nf8 16.Qb3 N6d7
17.d5 c5 18.Qc2 Rb8 19.Rb1 b6 20.a3 Rb7 21.Rec1 Ra8 22.Bf1 Bf6 23.Bd3 Qd8
24.Kh2 Bg5 25.f4 Bh6 26.Nf3 Qe7 27.Re1 exf4 28.gxf4 Nf6 29.e5 Nh5 30.Qd2 Re8
31.Bf1 Nd7 32.Bg2 Rbb8 33.e6 fxe6 34.dxe6 Qxe6 35.Ng5 Qf5 36.Qxd6 Ndf6 37.Rbd1 Bf8
38.Qc7 Be7 39.Bc1 Rbc8 40.Qe5 Bf8 41.Qxf5 gxf5 42.Re5 Ng7 43.Bb7 Rcd8 44.Rg1 Bd6
45.Ne6 Bxe5 46.Rxg7+ Kh8 47.fxe5 Nh5 48.Nxd8 Kxg7 49.Nc6 Kf7 50.Kg2 a5 51.Kf3 Rg8
52.Kf2 Re8 53.Bg5 Ng7 54.Bf6 Ne6 55.Na7 Nd4 56.Nc8 Kg6 57.Ne7+ Kf7 58.Bd5+ Kf8
59.Nc6 Ne6 60.Bxe6 Rxe6 61.Nd8  1-0

[Event "AUT-chT"]
[Site "?"]
[Date "1994.??.??"]
[Round "?"]
[White "Krebs, Johann"]
[Black "Liedl, Wolfgang"]
[Result "0-1"]
[WhiteElo "2140"]
[BlackElo "2215"]

1.d4 Nf6 2.c4 g6 3.g3 Bg7 4.Bg2 O-O 5.Nf3 d6 6.O-O c5 7.Nc3 Nc6 8.d5 Na5
9.Nd2 a6 10.Qc2 Rb8 11.b3 b5 12.Bb2 bxc4 13.bxc4 Bh6 14.f4 e5 15.dxe6 Bxe6
16.Nd5 Bxd5 17.cxd5 Ng4 18.Rab1 Ne3 19.Qc3 Rxb2 20.Qxb2 Nxf1 21.Kxf1 Bg7
22.Qb6 Bc3 23.Ne4 Qxb6 24.Rxb6 Nc4 25.Rxa6 Bd4 26.Nxd6 Rb8 27.Be4 Ne3+ 28.Kf2 f5
29.Bd3 c4 30.Bxc4 Rb1 31.g4 Nxc4+ 32.Kf3 Rf1+ 33.Kg2 Rf2+  0-1

[Event "AUT-chT"]
[Site "?"]
[Date "1994.??.??"]
[Round "?"]
[White "Pils, Walter"]
[Black "Stoppel, Franz"]
[Result "1/2-1/2"]
[WhiteElo "2360"]
[BlackElo "2250"]

1.d4 Nf6 2.Nf3 g6 3.c4 Bg7 4.g3 O-O 5.Bg2 d6 6.O-O Nbd7 7.Nc3 e5 8.dxe5 dxe5
9.Qc2 c6 10.b3 Re8 11.e4 Qc7 12.Ba3 Bf8 13.Bb2 a5 14.h3 Nh5 15.Rad1 Ng7 16.Rd2 Ne6
17.Rfd1 Bg7 18.Na4 Ndc5 19.Nxc5 Nxc5 20.Ba3 Bf8 21.Bb2 f6 22.Ne1 Be6 23.Nd3 Nxd3
24.Rxd3 Rad8 25.Bc3  1/2-1/2

[Event "AUT-chT"]
[Site "?"]
[Date "1994.??.??"]
[Round "?"]
[White "Postl, Anton"]
[Black "Loebler, Heimo"]
[Result "1/2-1/2"]
[WhiteElo "2290"]
[BlackElo "2290"]

1.d4 Nf6 2.Nf3 g6 3.c4 Bg7 4.g3 O-O 5.Bg2 d6 6.O-O Nbd7 7.Qc2 e5 8.Rd1 Qe7
9.Nc3 c6 10.e4 exd4 11.Nxd4 Re8 12.Bf4 Ne5 13.b3 h6 14.h3 a6 15.Be3 g5 16.Nf5 Bxf5
17.exf5 g4 18.hxg4 Nfxg4 19.Bf4 Rad8 20.Re1 Qf6 21.Rad1 h5 22.Ne4 Qxf5 23.Bg5 Kh8
24.Bxd8 Rxd8 25.Qe2 Bf8 26.f3 Nh6 27.Qe3 f6 28.c5 d5 29.Nd6 Qg6 30.Nxb7 Nf5
31.Qf2 Rb8 32.Nd6 Nxd6 33.cxd6 Bxd6 34.f4 Ng4 35.Qd4 Bc7 36.f5 Qg5 37.Qc3 Bb6+
38.Kh1 Nf2+ 39.Kh2 Ng4+ 40.Kh1 Nf2+ 41.Kh2 Nxd1 42.Rxd1 Bc7 43.Kh1 Be5 44.Qc1 Qxg3
45.Qh6+ Kg8 46.Bxd5+ cxd5 47.Rg1 Qxg1+ 48.Kxg1 d4 49.Kf1 d3 50.Ke1 Bc3+ 51.Kd1  1/2-1/2

[Event "AUT-chT2S 9394"]
[Site "AUT"]
[Date "1994.??.??"]
[Round "?"]
[White "Pesorda, Ivan"]
[Black "Ebner, Walter"]
[Result "1/2-1/2"]
[WhiteElo "2080"]
[BlackElo "2245"]

1.d4 Nf6 2.c4 g6 3.Nf3 Bg7 4.g3 O-O 5.Bg2 d6 6.O-O Nbd7 7.Nc3 e5 8.e4 Re8
9.Re1 exd4 10.Nxd4 Nb6 11.b3 Bg4 12.f3 Bd7 13.Bg5 h6 14.Be3 a5 15.Qd2 Kh7
16.Rad1 a4 17.Ndb5 axb3 18.axb3 Bxb5 19.Nxb5 Nbd7 20.Bd4 Nf8 21.Bh3 Ne6 22.Bxe6 fxe6
23.e5 dxe5 24.Bxe5 c6 25.Qf2 Qa5 26.Nc7 Rf8 27.Ra1 Qxe5 28.Rxe5 Rxa1+ 29.Re1 Ne4
30.Qe2 Rxe1+ 31.Qxe1 Ng5 32.Kg2 Nxf3 33.Qxe6 Ng5 34.Qe3 Rf3 35.Qxf3 Nxf3
36.Kxf3 Bf6 37.Ke4 Kg8 38.Ne8 Bc3 39.Nd6 b6 40.Nc8 b5 41.Ne7+ Kf7 42.Nxc6 bxc4
43.bxc4 Kf6 44.c5 h5 45.Nd4 Kg5 46.c6 Ba5 47.h3 Kf6 48.Kd5 Ke7 49.Nf3 Bc7
50.g4 hxg4 51.hxg4 Kf6 52.Nd4 Bg3 53.Nb5 Ke7 54.Nc3 Bc7 55.Ne4 Bf4 56.g5 Kd8
57.Nd6 Kc7 58.Ne4 Kc8 59.Kc5 Be3+ 60.Kd5 Bf4  1/2-1/2

[Event "AUT-chT2S 9394"]
[Site "AUT"]
[Date "1994.??.??"]
[Round "?"]
[White "Pesorda, Ivan"]
[Black "Klocker, Hartmut"]
[Result "0-1"]
[WhiteElo "2080"]
[BlackElo "2165"]

1.d4 Nf6 2.c4 g6 3.Nf3 Bg7 4.g3 O-O 5.Bg2 d6 6.O-O c6 7.Nc3 Qa5 8.e4 Qh5
9.Ng5 Qxd1 10.Rxd1 e5 11.d5 cxd5 12.cxd5 Na6 13.Bh3 Nc5 14.Bxc8 Rfxc8 15.f3 a6
16.Be3 Bh6 17.Kf2 b5 18.Rac1 b4 19.Ne2 Nfd7 20.Nh3 Bxe3+ 21.Kxe3 a5 22.Nf2 Nb6
23.Nd3 Nxd3 24.Kxd3 Na4 25.Rxc8+ Rxc8 26.Rd2 f5 27.b3 Nc5+ 28.Ke3 fxe4 29.fxe4 a4
30.bxa4 Ra8 31.Rb2 Rxa4 32.Nc1 Ra3+ 33.Nb3 Na4 34.Rc2 Nc3 35.Kd3 Ra4 36.Rb2 Nxa2
37.Nd2 Kf7 38.Kc4 Ke7 39.Nb1 Nc3 40.Nd2 Na2 41.Nb1 Ra8 42.Rc2 Rc8+ 43.Kb3 Nc1+
44.Kb2 Nd3+ 45.Kb3 Nc1+ 46.Kb2 Nd3+ 47.Kb3 Nc5+ 48.Kb2 Rf8 49.Re2 Rf3 50.Nd2 Na4+
51.Kc2 Rc3+ 52.Kb1 b3 53.Re1 Rc2  0-1

[Event "AUT-chT2S 9394"]
[Site "AUT"]
[Date "1994.??.??"]
[Round "?"]
[White "Kiss, Attila"]
[Black "Kosanski, Stanko"]
[Result "1/2-1/2"]
[WhiteElo "2355"]
[BlackElo "2415"]

1.d4 g6 2.c4 Bg7 3.Nf3 d6 4.g3 Nf6 5.Bg2 O-O 6.O-O c6 7.Nc3 Bf5 8.b3 Ne4
9.Bb2 Nxc3 10.Bxc3 Be4 11.Qd2 e6 12.Qe3 d5  1/2-1/2

[Event "Bad Ragaz op"]
[Site "Bad Ragaz"]
[Date "1994.??.??"]
[Round "3"]
[White "Maric, Alisa"]
[Black "Holoubkova, Martina"]
[Result "1/2-1/2"]
[WhiteElo "2415"]
[BlackElo "2210"]

1.Nf3 Nf6 2.c4 d6 3.d4 g6 4.g3 Bg7 5.Bg2 O-O 6.O-O c6 7.Nc3 Qa5 8.e4 Bg4
9.h3 Bxf3 10.Bxf3 Nfd7 11.Be3 c5 12.Be2 Nc6 13.d5 Nd4 14.Bd3 a6 15.Kg2 b5
16.cxb5 Nxb5 17.Na4 Rfb8 18.Bd2 Qd8 19.Rc1 Ne5 20.Bb1 Nd4 21.f4 Nd7 22.Bc3 Qe8
23.Re1 Ra7 24.b4 e6 25.bxc5 Nxc5 26.Bxd4 Bxd4 27.Qxd4 Qxa4 28.Qxa4 Nxa4 29.dxe6 fxe6
30.Bd3 Nc5 31.Bc4 Rb2+ 32.Kf3 Kg7 33.Re2 Rab7 34.Rxb2  1/2-1/2

[Event "Bad Ragaz"]
[Site "Bad Ragaz"]
[Date "1994.??.??"]
[Round "8"]
[White "Cvitan, Ognjen"]
[Black "Raeber, Markus"]
[Result "1-0"]
[WhiteElo "2570"]
[BlackElo "2000"]

1.Nf3 Nf6 2.c4 g6 3.g3 Bg7 4.Bg2 d6 5.d4 O-O 6.Nc3 Nbd7 7.O-O e5 8.e4 exd4
9.Nxd4 Re8 10.Re1 a6 11.b3 Rb8 12.Bb2 Nc5 13.Qc2 Ng4 14.Rad1 c6 15.h3 Ne5
16.f4 Ned7 17.Kh2 Qc7 18.Re2 Nf6 19.b4 Ne6 20.Red2 Nxf4 21.gxf4 d5 22.e5 Nh5
23.cxd5 Nxf4 24.d6 Qd7 25.e6 Qxd6 26.Nf5 Qc7 27.exf7+ Qxf7 28.Nxg7 Nxg2 29.Nxe8 Qf4+
30.Kg1 Ne3 31.Qb3+ Nc4 32.Ne4 Be6 33.Qc3  1-0

[Event "Balatonbereny op"]
[Site "Balatonbereny"]
[Date "1994.??.??"]
[Round "1"]
[White "Skomorokhin, Roman"]
[Black "Kecskes, Gabor"]
[Result "1-0"]
[WhiteElo "2425"]
[BlackElo "2110"]

1.d4 Nf6 2.c4 g6 3.Nf3 Bg7 4.g3 O-O 5.Bg2 d6 6.O-O Nbd7 7.Qc2 e5 8.Rd1 Qe7
9.Nc3 c6 10.b3 Re8 11.e4 exd4 12.Nxd4 Nc5 13.f3 a5 14.Be3 Nfd7 15.Bf2 Ne5
16.Rab1 h5 17.h3 h4 18.gxh4 Bf6 19.f4 Ned7 20.h5 Nf8 21.Re1 Bh4 22.Rbd1 Qf6
23.hxg6 Nxg6 24.f5 Nf4 25.Re3 Kh8 26.Bxh4 Qxh4 27.Qf2 Qh6 28.Rg3 Bd7 29.Rg4 Nxe4
30.Qxf4 Qxf4 31.Rxf4 Nxc3 32.Rd3 Nxa2 33.Rg3  1-0

[Event "Balatonbereny op"]
[Site "Balatonbereny"]
[Date "1994.??.??"]
[Round "3"]
[White "Skomorokhin, Roman"]
[Black "Tolnai, Tibor"]
[Result "1/2-1/2"]
[WhiteElo "2425"]
[BlackElo "2520"]

1.d4 Nf6 2.c4 g6 3.Nf3 Bg7 4.g3 O-O 5.Bg2 d6 6.O-O Nc6 7.Nc3 a6 8.d5 Na5
9.Nd2 c6 10.b4 Nxc4 11.Nxc4 Nxd5 12.Nxd5 Bxa1 13.Ndb6 Rb8 14.Nxc8 Rxc8 15.Bh3 f5
16.Qb3 d5 17.Nb2 Re8 18.e4 e6 19.exf5 exf5 20.Be3 Bxb2 21.Qxb2 h5 22.Bg2 Kh7
23.Qd4 Qc7 24.a4 Qg7 25.Qxg7+ Kxg7 26.Bf3 Kf7 27.a5 Re6 28.Rd1 Rce8 29.Rd3 Rh8
30.h3 Rd8 31.Kg2 d4 32.Rxd4 Rxd4 33.Bxd4 Re1 34.Bc5 Ke6 35.g4 hxg4 36.hxg4 Ke5
37.Kg3 Rg1+ 38.Kh2 Re1 39.gxf5 gxf5 40.Bh5 Kf4 41.Bd6+ Ke4 42.Kg2 Kd5 43.Bc5 Ke5
44.Be8 Ke6 45.f4 Rd1 46.Bh5 Rd2+ 47.Kg3 Kf6 48.Be3 Rd3 49.Kf2 Rb3 50.Bc5 Ke6
51.Ke2 Rh3 52.Bf3 Rh2+ 53.Ke3 Rh3 54.Kf2 Rh2+ 55.Bg2 Rh8 56.Bf1 Rh2+ 57.Ke3 Kd5
58.Bd3 Rh3+ 59.Ke2 Rh2+ 60.Bf2 Rh5 61.Kf1 Rh3 62.Ke2 Rh5 63.Be3 Rh2+ 64.Kf3 Rh3+
65.Kf2 Ke6 66.Bc4+ Kd7 67.Bc5 Rc3 68.Bf7 Ra3 69.Ke2 Rc3 70.Kd2 Rh3 71.Be3 Ke7
72.Bc4 Kd6 73.Kd3 Rh1 74.Bc5+ Kd7 75.Ba7 Rd1+ 76.Kc3 Re1 77.Bb8 Rd1 78.Be5 Ke7
79.Ba2 Ra1 80.Bb3 Rc1+ 81.Kb2 Rh1 82.Bc4 Rh3 83.Kc2 Rf3 84.Kd2 Rh3  1/2-1/2

[Event "Balatonbereny op"]
[Site "Balatonbereny"]
[Date "1994.??.??"]
[Round "8"]
[White "Ruck, Robert"]
[Black "Abbasi, Nasser M"]
[Result "1/2-1/2"]
[WhiteElo "2435"]
[BlackElo "2280"]

1.c4 Nf6 2.g3 g6 3.Bg2 Bg7 4.d4 O-O 5.Nf3 d6 6.O-O Nbd7 7.d5 Nc5 8.Nd4 e5
9.dxe6 Nxe6 10.Nxe6 Bxe6 11.Bxb7 Rb8 12.Bf3 Bxc4 13.Qa4 Bd5 14.e4 Bb7 15.Nc3 Re8
16.Re1 Nd7 17.Be3 Bc6 18.Qc2 Rb4 19.a3 Rc4 20.Qb3 Bxc3 21.Qxc4 Bxe1 22.Rxe1 Ne5
23.Qe2 Nxf3+ 24.Qxf3 Rxe4 25.Rc1 Ba8 26.Qe2 Qc8 27.f3 Re6 28.Rc3 Qb7 29.b4 h5
30.Kf2 g5 31.h3 Re5 32.Qd1 g4 33.hxg4 hxg4 34.Rc4 f5 35.Rf4 gxf3 36.g4 Re4
37.Qb3+ Qd5 38.Qxd5+ Bxd5 39.Rxf5 c6 40.Rxf3 Rxg4 41.Rg3 Rxg3 42.Kxg3 a6
43.Bf4  1/2-1/2

[Event "Barcelona UGA"]
[Site "Barcelona"]
[Date "1994.??.??"]
[Round "8"]
[White "Pares Vives, Jose"]
[Black "Vidarte Morales, Arturo"]
[Result "1-0"]
[WhiteElo "2375"]
[BlackElo "2420"]

1.d4 Nf6 2.c4 g6 3.Nf3 Bg7 4.g3 O-O 5.Bg2 d6 6.O-O Nbd7 7.Nc3 e5 8.Qc2 c6
9.Rd1 Qe7 10.b3 Re8 11.Rb1 exd4 12.Nxd4 Nc5 13.b4 Nce4 14.Nxe4 Nxe4 15.f3 Nf6
16.e4 Nd7 17.Bf4 a5 18.b5 c5 19.Ne2 Ne5 20.Nc3 Be6 21.Nd5 Qd8 22.h4 b6 23.Rbc1 Ra7
24.Qd2 Rf8 25.Rf1 Qb8 26.Bg5 f6 27.Bf4 Qb7 28.Ne3 Nf7 29.g4 Raa8 30.Bg3 g5
31.f4 gxf4 32.Bxf4 Qd7 33.Nf5 Bxf5 34.exf5 Rad8 35.Bd5 Kh8 36.Rc3 Qe7 37.Re1 Ne5
38.h5 Rfe8 39.h6 Bf8 40.Re2 Qc7 41.Qe1 Be7 42.Rg3 Rf8 43.Kh1 Qd7 44.Rgg2 Rb8
45.Qg3 Qe8 46.a4 Rd8 47.Kg1 Qd7 48.g5  1-0

[Event "Oberliga Bayern9495"]
[Site "Bayern"]
[Date "1994.??.??"]
[Round "2"]
[White "Tischer, Guenter"]
[Black "Speckner, Roland"]
[Result "1/2-1/2"]
[WhiteElo "2330"]
[BlackElo "2290"]

1.d4 Nf6 2.c4 g6 3.Nf3 Bg7 4.g3 O-O 5.Bg2 d6 6.Nc3 c6 7.O-O Bf5 8.Nh4 Be6
9.d5 cxd5 10.cxd5 Bd7 11.Nf3 Na6 12.Be3 Qa5 13.Qd2 Rfc8 14.h3 Nc5 15.Nd4 Na4
16.Nxa4 Qxd2 17.Bxd2 Bxa4 18.b3 Bd7 19.Rac1 Ne4 20.Bxe4 Bxd4 21.Kg2  1/2-1/2

[Event "JUG-chT Cup"]
[Site "Becici"]
[Date "1994.??.??"]
[Round "?"]
[White "Ilincic, Zlatko"]
[Black "Dragovic, Momcilo"]
[Result "1-0"]
[WhiteElo "2530"]
[BlackElo "2390"]

1.d4 Nf6 2.c4 g6 3.g3 Bg7 4.Bg2 d6 5.Nf3 O-O 6.O-O Nc6 7.Nc3 e5 8.d5 Ne7
9.b4 h6 10.e4 Nh5 11.Bb2 f5 12.exf5 Nxf5 13.g4 e4 14.Ne1 Be5 15.Na4 Bf4 16.gxh5 Qh4
17.h3 Bd7 18.Qg4 Qxg4 19.hxg4 Nh4 20.Nc3 e3 21.f3 gxh5 22.gxh5 Rf5 23.Ne2 Kf7
24.Bc1 Re8 25.Rb1 Ba4 26.Bh3 Rf6 27.Be6+ Ke7 28.Nxf4 Rxf4 29.Bxe3  1-0

[Event "JUG-chT Cup"]
[Site "Becici"]
[Date "1994.??.??"]
[Round "?"]
[White "Nestorovic, Dejan"]
[Black "Dragovic, Momcilo"]
[Result "1/2-1/2"]
[WhiteElo "2365"]
[BlackElo "2390"]

1.d4 Nf6 2.Nf3 g6 3.c4 Bg7 4.g3 d6 5.Bg2 O-O 6.O-O Nc6 7.Nc3 e5 8.d5 Ne7
9.b4 h6 10.e4 Nh5 11.Nh4 Kh7 12.Bf3 Bh3 13.Ng2 Nf6 14.Bb2 Qd7 15.Be2 Ng4
16.Qd2 f5 17.f3 Nf6 18.exf5 Nxf5 19.Bd3 Nd4 20.Ne2 Nf5 21.Nc3 Nd4 22.Ne2 Nf5
23.Nc3  1/2-1/2

[Event "JUG-chT Cup"]
[Site "Becici"]
[Date "1994.??.??"]
[Round "?"]
[White "Blagojevic, Dragisa"]
[Black "Martinovic, Slobodan"]
[Result "1/2-1/2"]
[WhiteElo "2475"]
[BlackElo "2465"]

1.d4 Nf6 2.c4 g6 3.Nf3 Bg7 4.g3 O-O 5.Bg2 d6 6.O-O Nc6 7.Nc3 Bf5 8.Ne1 Na5
9.e4 Bg4 10.f3 Bd7 11.b3 c5 12.Nc2 cxd4 13.Nxd4 Nc6 14.Be3 Qa5 15.Qd2 Rfc8
16.Rac1 a6 17.Rfd1 Rab8 18.Nxc6 Bxc6 19.Bh3 Bd7 20.Bxd7 Nxd7 21.Nd5 Qxd2
22.Rxd2 Kf8 23.Kf1 f6 24.Ke2 Kf7 25.Rdc2 Bf8 26.c5 dxc5 27.Bxc5 Ne5 28.Nb4 Ke8
29.Bd4 Rxc2+ 30.Rxc2 Nd7 31.Nd5 f5 32.exf5 gxf5 33.Ba7 Rd8 34.Nc7+ Kf7 35.Rd2 e6
36.Bb6 Be7 37.Be3  1/2-1/2

[Event "Belgrade"]
[Site "Belgrade"]
[Date "1994.??.??"]
[Round "4"]
[White "Greenfeld, Alon"]
[Black "Spasov, Vasil"]
[Result "0-1"]
[WhiteElo "2600"]
[BlackElo "2525"]

1.d4 Nf6 2.c4 g6 3.Nf3 Bg7 4.g3 O-O 5.Bg2 d6 6.O-O Nbd7 7.Nc3 e5 8.e4 exd4
9.Nxd4 Re8 10.h3 Nc5 11.Re1 Bd7 12.Rb1 h6 13.b3 a6 14.Bb2 Rb8 15.b4 Ne6 16.Nde2 b5
17.cxb5 axb5 18.Nd5 Nxd5 19.exd5 Ng5 20.Nf4 Be5 21.h4 Nh7 22.Nd3 Bxb2 23.Rxe8+ Qxe8
24.Rxb2 Bf5 25.Nf4 Qe5 26.Qc1 Nf6 27.Re2 Qd4 28.Qxc7 Rc8 29.Qe7 Rc1+ 30.Re1 Ne4
31.Rxc1 Qxf2+ 32.Kh1 Nxg3+ 33.Kh2 Qxf4 34.Rc7 Ne2+ 35.Kh1 Be4  0-1

[Event "Belgrade"]
[Site "Belgrade"]
[Date "1994.??.??"]
[Round "7"]
[White "Drasko, Milan"]
[Black "Greenfeld, Alon"]
[Result "1-0"]
[WhiteElo "2520"]
[BlackElo "2600"]

1.d4 Nf6 2.c4 g6 3.Nf3 Bg7 4.g3 O-O 5.Bg2 d6 6.O-O Nc6 7.Nc3 Bf5 8.b3 Ne4
9.Nd5 Bd7 10.Bb2 f5 11.e3 e6 12.Nf4 a5 13.a3 Qe7 14.Nd2 Nxd2 15.Qxd2 g5 16.Ne2 e5
17.Rfe1 Kh8 18.f4 gxf4 19.exf4 e4 20.d5 Nd8 21.Bxg7+ Qxg7 22.Rac1 b6 23.Nd4 Nb7
24.b4 axb4 25.axb4 Ra3 26.Re3 Ra4 27.g4 Rfa8 28.gxf5 Ra2 29.Nc2 Bxf5 30.Rg3 Qf6
31.Qd4 Rf8 32.Rg5 Bd7 33.Bxe4 Qxd4+ 34.Nxd4 Rxf4 35.Re1 Nd8 36.Rh5 Nf7 37.Ne6 Rg4+
38.Kh1 h6 39.Rf5 Kg8 40.Bf3 Rh4 41.Be2 Ra8 42.Ref1 Ne5 43.Rf8+ Rxf8 44.Rxf8+ Kh7
45.Rd8 Re4 46.Rxd7+ Nxd7 47.Bd3 Nf6 48.Nxc7 Kg7 49.Bxe4 Nxe4 50.Na8 Kf6 51.Nxb6 Ke5
52.Kg2 Kd4 53.Kf3 Nd2+ 54.Kf4 Nxc4 55.Nxc4 Kxc4 56.Ke4 h5 57.b5 Kxb5 58.Kf5 h4
59.Ke6  1-0

[Event "Belgrade Trako"]
[Site "Belgrade"]
[Date "1994.??.??"]
[Round "11"]
[White "Cosma, Ioan"]
[Black "Istratescu, Andrei"]
[Result "0-1"]
[WhiteElo "2435"]
[BlackElo "2505"]

1.d4 Nf6 2.c4 g6 3.Nf3 Bg7 4.g3 O-O 5.Bg2 d6 6.O-O Nc6 7.Nc3 a6 8.d5 Na5
9.Nd2 c5 10.Qc2 Rb8 11.b3 b5 12.Bb2 bxc4 13.bxc4 Bh6 14.f4 e5 15.dxe6 Bxe6
16.Nd5 Rxb2 17.Qxb2 Bg7 18.Qc2 Nxd5 19.cxd5 Bxa1 20.Rxa1 Qf6 21.Rd1 Qd4+
22.Kh1 Bf5 23.Be4 Nc4 24.Qd3 Qxd3 25.Bxd3 Nb2 26.Rb1 Nxd3 27.exd3 Bxd3 28.Rb6 Re8
29.Rb2 c4  0-1

[Event "Berliner Sommer"]
[Site "Berlin"]
[Date "1994.??.??"]
[Round "?"]
[White "Pigusov, Evgeny"]
[Black "Wolski, Thomas"]
[Result "1-0"]
[WhiteElo "2575"]
[BlackElo "2325"]

1.Nf3 g6 2.d4 Bg7 3.c4 Nf6 4.g3 O-O 5.Bg2 d6 6.Nc3 c5 7.O-O Nc6 8.dxc5 dxc5
9.Bf4 Qa5 10.Qc1 Be6 11.Nd2 Rfd8 12.e4 Nd4 13.Re1 Rd7 14.Nd5 Rc8 15.h3 Ne8
16.Kh2 Qa6 17.Be3 Nd6 18.Bf1 f5 19.Bg5 Re8 20.Bg2 fxe4 21.Nxe4 Nxe4 22.Rxe4 Kh8
23.Bh6 Qd6 24.Bxg7+ Kxg7 25.f4 Bf5 26.Re5 e6 27.Ne3 Rf8 28.Qc3 Kg8 29.Re1 g5
30.Nxf5 Rxf5 31.Rxf5 exf5 32.Bd5+ Kf8 33.Qe3 gxf4 34.gxf4 Re7 35.Qxe7+ Qxe7
36.Rxe7 Kxe7 37.Bxb7 Ne2 38.a3 Nxf4 39.b4 Nd3 40.b5 Kd6 41.Bd5 Nb2 42.Bg8 h6
43.Kg3 Ke5 44.h4 Na4 45.Kf3 Nb6 46.Ke3 Na4 47.Bd5 Nb6 48.Bf7 Kf6 49.Bg8 Ke5
50.Kd3 Kf4 51.Be6 Ke5 52.Bf7 Kf4 53.Be6 Ke5 54.Bf7 Kf4 55.Bh5 Kg3 56.Bd1 Kxh4
57.a4 Kg3 58.a5 Nc8 59.Bh5 Nd6 60.b6 axb6 61.axb6 Kf2 62.Bg6 f4 63.Be4 h5
64.b7 Nxb7 65.Bxb7 h4  1-0

[Event "Berliner Sommer"]
[Site "Berlin"]
[Date "1994.??.??"]
[Round "?"]
[White "Badea, Bela"]
[Black "Kruppa, Yuri"]
[Result "1/2-1/2"]
[WhiteElo "2435"]
[BlackElo "2545"]

1.c4 g6 2.Nf3 Bg7 3.d4 Nf6 4.g3 O-O 5.Bg2 d6 6.O-O Nbd7 7.Nc3 e5 8.e4 c6
9.b3 Qb6 10.dxe5 dxe5 11.Qe2 Qc7 12.Bb2 Ne8 13.h3 h6 14.Rac1 Kh7 15.Ne1 Nc5
16.b4 Ne6 17.Nd1 c5 18.bxc5 Nxc5 19.Ne3 Bd7 20.Nd3 Nxd3 21.Qxd3 Nf6  1/2-1/2

[Event "Berliner Sommer"]
[Site "Berlin"]
[Date "1994.??.??"]
[Round "?"]
[White "Badea, Bela"]
[Black "Timoshchenko, Gennadi A"]
[Result "1/2-1/2"]
[WhiteElo "2435"]
[BlackElo "2515"]

1.c4 g6 2.Nf3 Bg7 3.d4 Nf6 4.g3 O-O 5.Bg2 d6 6.O-O Nc6 7.Nc3 Bf5 8.Ne1 Qc8
9.e4 Bh3 10.Nc2 Bxg2 11.Kxg2 a6 12.f3 Rb8 13.Qd3 Nd7 14.Be3 Na7 15.a4 c5
16.b3 b6 17.Qd2 Re8 18.Rfd1 Qb7 19.Rab1  1/2-1/2

[Event "Berliner Sommer"]
[Site "Berlin"]
[Date "1994.??.??"]
[Round "?"]
[White "Skomorokhin, Roman"]
[Black "Zunker, D."]
[Result "1/2-1/2"]
[WhiteElo "2425"]
[BlackElo "2235"]

1.d4 Nf6 2.c4 g6 3.Nf3 Bg7 4.g3 O-O 5.Bg2 d6 6.O-O Nc6 7.Nc3 Bg4 8.d5 Na5
9.Qd3 c5 10.Nd2 a6 11.a3 b6 12.Rb1 Bd7 13.h3 Ne8 14.b3 Nc7 15.Bb2 b5 16.Nd1 Bxb2
17.Nxb2 Rb8 18.Qc3 Nb7 19.f4 Ne8 20.Nd3 Ng7 21.e4 a5 22.cxb5 Bxb5 23.a4 Bxd3
24.Qxd3 f5 25.Nc4 fxe4 26.Bxe4 Qc7 27.f5 gxf5 28.Bxf5 Nxf5 29.Rxf5 Rxf5 30.Qxf5 Rf8
31.Qe6+ Rf7 32.Rf1 Nd8 33.Qg4+ Rg7 34.Qf5 Rf7 35.Qg4+ Rg7 36.Qf4 Rf7 37.Qd2 Qd7
38.g4 Rxf1+ 39.Kxf1 Nf7 40.Qxa5 h5 41.Qc3 hxg4  1/2-1/2

[Event "Berliner Sommer"]
[Site "Berlin"]
[Date "1994.??.??"]
[Round "?"]
[White "Loeffler, Stefan"]
[Black "Maiwald, Jens Uwe"]
[Result "1/2-1/2"]
[WhiteElo "2420"]
[BlackElo "2445"]

1.Nf3 d6 2.g3 g6 3.Bg2 Bg7 4.d4 Nf6 5.c4 O-O 6.O-O a6 7.b3 c6 8.Bb2 Bf5 9.Re1 d5
10.Ne5 a5 11.Nc3 Ne4 12.Nxe4 dxe4 13.c5 Nd7 14.Nc4 Be6 15.Bxe4 Bxc4 16.bxc4 Nxc5
17.Bg2 Ne6 18.Rb1 Nxd4 19.e3 Nf5 20.Bxg7 Kxg7 21.Rxb7 Nd6 22.Qd4+ Kg8 23.Rb3 c5
24.Qd3 Rb8 25.Rxb8 Qxb8 26.Rb1 Qa7 27.Qd5 Qc7 28.h4 Rc8 29.h5 e6 30.Qf3 Rb8
31.Rxb8+ Qxb8 32.Qc6 Nxc4 33.Qxc5 Qb4 34.Qd4 Nd6 35.Qf6 Nf5 36.e4 Qd4 37.Qg5 Qd1+
38.Bf1 Nd4 39.Qd8+ Kg7 40.h6+ Kxh6 41.Qf8+ Kg5 42.Qxf7  1/2-1/2

[Event "Berliner Sommer"]
[Site "Berlin"]
[Date "1994.??.??"]
[Round "?"]
[White "Lerner, Konstantin Z"]
[Black "Heinig, Wolfram"]
[Result "1-0"]
[WhiteElo "2570"]
[BlackElo "2335"]

1.d4 Nf6 2.c4 d6 3.Nf3 g6 4.g3 Bg7 5.Bg2 O-O 6.Nc3 Nbd7 7.O-O e5 8.e4 a6
9.Re1 exd4 10.Nxd4 Re8 11.h3 Rb8 12.Rb1 Ne5 13.b3 Bd7 14.f4 Nc6 15.Nde2 b5
16.cxb5 axb5 17.b4 h5 18.a3 Na7 19.Kh2 Nc8 20.Nd4 Ne7 21.Be3 Qc8 22.Qd3 c6
23.Rbc1 Qd8 24.Rcd1 Rc8 25.Bc1 Rc7 26.e5 dxe5 27.fxe5 Nh7 28.e6 Bxe6 29.Nxe6 Qxd3
30.Rxd3 fxe6 31.Rxe6 Kf8 32.Re2 Rec8 33.Ne4 Nf5 34.Nc5 Re7 35.Rxe7 Nxe7 36.g4 Be5+
37.Kg1 hxg4 38.hxg4 Kg8 39.Nd7 Bg7 40.Be3 Nf6 41.Nxf6+ Bxf6 42.Rd7 Kf7 43.g5 Be5
44.Bc5 Rc7 45.Bxc6 Rxd7 46.Bxd7 Bb2 47.Bxb5 Bxa3 48.Bc4+ Ke8 49.Kf2 Kd8 50.Bb6+ Kd7
51.b5 Kd6 52.Kf3 Ke5 53.Bd8 Kf5 54.b6 Nc6 55.Bd3+ Ke6 56.Bc7 Bc5 57.b7  1-0

[Event "Berliner Sommer"]
[Site "Berlin"]
[Date "1994.??.??"]
[Round "?"]
[White "Lagunow, Alexander"]
[Black "Madsen, Peder"]
[Result "1/2-1/2"]
[WhiteElo "2405"]
[BlackElo "2215"]

1.d4 Nf6 2.Nf3 g6 3.c4 Bg7 4.g3 O-O 5.Bg2 d6 6.O-O Nbd7 7.Nc3 e5 8.e4 c6
9.b3 Re8 10.h3 a6 11.Be3 Qa5 12.Qc2 b5 13.dxe5 dxe5 14.c5 Bb7 15.Rfd1 Rad8
16.Rd2 Nf8 17.Rad1 Rxd2 18.Rxd2 Nh5 19.Rd6 Ne6 20.Qd2 Qc7 21.b4 Bc8 22.Ne2 Nf8
23.g4 Nf6 24.Ng3 N6d7 25.a4 Ne6 26.axb5 axb5 27.Ne2 Nb8 28.Nc1 Rd8 29.Nb3 Bd7
30.g5 Rc8 31.h4 Nf8 32.Nc1 Be6 33.Nd3 Nbd7 34.Qb2 Bc4 35.Ndxe5 Ra8 36.Bd4 Nxe5
37.Nxe5 Ne6 38.Bc3 Ra2 39.Qb1 Ra3 40.Qc1 Rxc3 41.Qxc3 Nf4 42.Bf1 Bxf1 43.Kxf1 h5
44.gxh6 Bh8 45.Qd4 Kh7 46.h5 gxh5 47.Rxc6 Qa7 48.Rd6 Qa2 49.Qd2 Qa1+ 50.Qe1 Qxe5
51.Qe3 Qa1+ 52.Qe1 Qa3 53.Qe3 Qa1+  1/2-1/2

[Event "Bern op"]
[Site "Bern"]
[Date "1994.??.??"]
[Round "8"]
[White "Straub, Peter"]
[Black "Staiger, Frank"]
[Result "0-1"]
[WhiteElo "2150"]
[BlackElo "2315"]

1.d4 Nf6 2.Nf3 g6 3.g3 Bg7 4.c4 O-O 5.Bg2 d6 6.O-O c6 7.Nc3 a6 8.e4 Bg4 9.Qc2 Nfd7
10.Be3 c5 11.dxc5 dxc5 12.Rfd1 Qc8 13.h3 Bxf3 14.Bxf3 Ne5 15.Be2 Qxh3 16.Bxc5 Nbc6
17.Nd5 Rac8 18.Bxe7 Ng4 19.Bxg4 Qxg4 20.Nf6+ Bxf6 21.Bxf6 Rfe8 22.Qc3 Nd8
23.Bh8 Ne6 24.Rd6 Rc7 25.Re1 h5 26.Be5 Ng5 27.Rf6 Rce7 28.Bd6 Rxe4 29.Rc1 Re2
30.Qd3 Re1+  0-1

[Event "Biel op"]
[Site "Biel"]
[Date "1994.??.??"]
[Round "8"]
[White "Tischer, Guenter"]
[Black "Timoshchenko, Gennadi A"]
[Result "1/2-1/2"]
[WhiteElo "2330"]
[BlackElo "2515"]

1.d4 Nf6 2.c4 g6 3.Nf3 Bg7 4.g3 O-O 5.Bg2 d6 6.Nc3 Nc6 7.d5 Na5 8.Nd2 c6
9.Rb1 cxd5 10.cxd5 Bf5 11.e4 Bg4 12.Nf3 Nd7 13.h3 Bxf3 14.Qxf3 Nc4 15.O-O Qa5
16.Qe2 Rfc8 17.h4 Nxb2 18.Bxb2 Bxc3 19.Bxc3 Qxc3 20.Rxb7 Nc5 21.Rb5 Rab8
22.Bh3 Rxb5 23.Qxb5 Rd8 24.Bg2 Qd4 25.Qa5 Rd7 26.Rb1 Kg7 27.Qb4 Qd3 28.Qb5 Qxb5
29.Rxb5 Rc7 30.f4 Nd7 31.Ra5 f5 32.exf5 gxf5 33.Bf3 Nf6 34.Kf2 Kg6 35.Ke3 Nh5
36.Bxh5+ Kxh5 37.Kf3 Rc3+ 38.Kf2 Rc2+ 39.Kf3 Rc3+ 40.Kf2 Kg4 41.Rxa7 Rxg3
42.Rxe7 Ra3 43.Rd7 Rxa2+ 44.Ke3 Ra3+ 45.Kf2 Ra6 46.Ke3 Ra3+ 47.Kf2 Kxf4 48.Rxd6 Ra2+
49.Kf1 Kg3 50.Rd7 f4 51.Rxh7 Ra1+ 52.Ke2 f3+ 53.Ke3 Re1+ 54.Kd4 f2 55.Rf7 f1=Q
56.Rxf1 Rxf1 57.Ke5 Re1+ 58.Kf6 Rd1 59.Ke6 Kxh4 60.d6 Kg5 61.d7 Kg6 62.Ke7 Re1+
63.Kd6 Rd1+ 64.Kc7 Rxd7+ 65.Kxd7  1/2-1/2

[Event "DLM"]
[Site "Binz"]
[Date "1994.??.??"]
[Round "4"]
[White "Naumann, Alexander"]
[Black "Ullrich, Farid Raoul"]
[Result "1/2-1/2"]
[WhiteElo "2235"]
[BlackElo "2250"]

1.d4 Nf6 2.Nf3 g6 3.c4 Bg7 4.g3 O-O 5.Bg2 d6 6.O-O c6 7.Nc3 Qa5 8.e4 Qh5
9.Ng5 Qxd1 10.Rxd1 e5 11.Nf3 Nbd7 12.h3 Ne8 13.b3 f6 14.Ba3 Rf7 15.dxe5 dxe5
16.Rd3 Bf8 17.Bb2 Nc7 18.Rdd1 Nc5 19.b4 N5e6 20.a3 a5 21.b5 Nc5 22.Ne1 Nb3
23.Rab1  1/2-1/2

[Event "GER-ch"]
[Site "Binz"]
[Date "1994.??.??"]
[Round "5"]
[White "Hiebel, Johannes"]
[Black "Bischoff, Dieter"]
[Result "1-0"]
[WhiteElo "2315"]
[BlackElo "2220"]

1.d4 Nf6 2.c4 g6 3.Nf3 Bg7 4.g3 O-O 5.Bg2 d6 6.O-O Nc6 7.Nc3 a6 8.b3 Rb8
9.e3 Bf5 10.Nh4 Bd7 11.Bb2 e5 12.Nf3 Re8 13.d5 Ne7 14.Rc1 h6 15.c5 Nh7 16.cxd6 cxd6
17.Nd2 f5 18.Nc4 Nc8 19.b4 g5 20.f3 h5 21.a4 Rf8 22.Ba3 Rf6 23.b5 Bf8 24.f4 e4
25.Bb2 Rg6 26.Qxh5 Be8 27.Qd1 Rh6 28.Qb3 gxf4 29.exf4 Nb6 30.Ne3 Bg6 31.Ne2 Nd7
32.Qc3 Nhf6 33.Nd4 Nc5 34.Nexf5 Bxf5 35.Nxf5 Rg6 36.Nh4 Rh6 37.Nf5 Rg6 38.Qd4 Nb3
39.Qc4 Nxc1 40.Rxc1 axb5 41.axb5 Qe8 42.h3 Qf7 43.Bxe4 Nxe4 44.Qxe4 Re8 45.Qd3 Qh7
46.b6 Bg7 47.Rc7 Qxh3 48.Bxg7 Re1+ 49.Kf2 Re8 50.Re7 Qh2+ 51.Ke1 Rc8 52.Bc3 Qh1+
53.Kd2 Qh2+ 54.Re2 Qh3 55.Ne7+  1-0